|
|
|
|
| LEADER |
00000cas a2200000 c 4500 |
| 001 |
130763322 |
| 003 |
DE-627 |
| 005 |
20260207120926.0 |
| 007 |
tu |
| 008 |
931117c19889999gw q| p| 0 |0ger c |
| 015 |
|
|
|a 89,A28,0394
|2 dnb
|
| 016 |
7 |
|
|a 015345017
|2 DE-101
|
| 016 |
7 |
|
|a 1000997-8
|2 DE-600
|
| 022 |
|
|
|a 0934-9200
|
| 035 |
|
|
|a (DE-627)130763322
|
| 035 |
|
|
|a (DE-603)048526029
|
| 035 |
|
|
|a (DE-576)023035854
|
| 035 |
|
|
|a (DE-599)ZDB1000997-8
|
| 035 |
|
|
|a (OCoLC)644871765
|
| 040 |
|
|
|a DE-627
|b ger
|c DE-627
|e rakwb
|
| 041 |
|
|
|a ger
|
| 044 |
|
|
|c XA-DE
|
| 082 |
0 |
4 |
|a 320
|a 340
|q DE-101
|
| 082 |
0 |
4 |
|a 320
|a 340
|q DE-600
|
| 084 |
|
|
|a 2,1
|2 ssgn
|
| 084 |
|
|
|a KRIM
|q DE-21
|2 fid
|
| 084 |
|
|
|a PH 1000
|2 rvk
|0 (DE-625)rvk/135977:
|
| 084 |
|
|
|a 86.41
|2 bkl
|
| 084 |
|
|
|a 86.00
|2 bkl
|
| 222 |
|
0 |
|a Neue Kriminalpolitik
|
| 245 |
0 |
0 |
|a Neue Kriminalpolitik
|b NK ; Forum für Kriminalwissenschaften, Recht und Praxis
|
| 246 |
3 |
3 |
|a NK
|
| 247 |
1 |
0 |
|a Forum für Praxis, Politik und Wissenschaft
|f Zusatz bis 16.2004
|
| 247 |
1 |
0 |
|a Forum für Praxis, Recht und Kriminalwissenschaften
|f Zusatz bis 24.2012
|
| 264 |
3 |
1 |
|a Baden-Baden
|b Nomos-Verl.-Ges.
|c 1988-
|
| 336 |
|
|
|a Text
|b txt
|2 rdacontent
|
| 337 |
|
|
|a ohne Hilfsmittel zu benutzen
|b n
|2 rdamedia
|
| 338 |
|
|
|a Band
|b nc
|2 rdacarrier
|
| 362 |
0 |
|
|a 1988,He.=Werbenr.; [1.]1989 - [3.]1991; 4.1992 -
|
| 363 |
0 |
1 |
|a 1
|i 1988
|
| 363 |
1 |
0 |
|i 1991
|a 3
|
| 365 |
|
|
|b EUR 19.00 (Einzelh., zuzüg. MwSt), EUR 74.00 (jährl., zuzügl. MwSt), EUR 47.00 (jährl., zuzügl. Mehrwertsteuer, für Studenten)
|
| 515 |
|
|
|a Ersch. 4x jährl.
|
| 555 |
|
|
|a Index 1989/91 in: 1991
|
| 583 |
1 |
|
|a Archivierung/Langzeitarchivierung gewährleistet
|f PEBW
|2 pdager
|5 DE-31
|
| 583 |
1 |
|
|3 4.1992-23.2011
|a Archivierung/Langzeitarchivierung gewährleistet
|f DE-636
|z f eingeschränkte Benutzung
|2 pdager
|5 DE-Luen4
|
| 655 |
|
7 |
|a Zeitschrift
|0 (DE-588)4067488-5
|0 (DE-627)10454466X
|0 (DE-576)20917000X
|2 gnd-content
|
| 689 |
0 |
0 |
|d s
|0 (DE-588)4033181-7
|0 (DE-627)106258575
|0 (DE-576)20900052X
|a Kriminalpolitik
|2 gnd
|
| 689 |
0 |
|
|5 DE-101
|
| 689 |
1 |
0 |
|d s
|0 (DE-588)4033197-0
|0 (DE-627)106258532
|0 (DE-576)209000562
|a Kriminologie
|2 gnd
|
| 689 |
1 |
|
|5 DE-101
|
| 770 |
0 |
8 |
|i Supplement
|n 1992 - 2003 Beil.
|t Kriminalsoziologische Bibliografie
|d Baden-Baden : Nomos-Verlags-Gesellschaft, 1973
|w (DE-627)129092436
|w (DE-600)6763-5
|w (DE-576)014428016
|x 1431-1615
|
| 770 |
0 |
8 |
|i Supplement
|n 1993 - 2005 Beil.
|t Jahrbuch für Rechts- und Kriminalsoziologie
|d Baden-Baden : Nomos, 1993
|w (DE-627)131204793
|w (DE-600)1152872-2
|w (DE-576)034206140
|
| 776 |
1 |
|
|x 2942-1624
|
| 776 |
0 |
8 |
|i Erscheint auch als
|n CD-ROM-Ausgabe
|t Neue Kriminalpolitik
|d Baden-Baden : Nomos-Verl.-Ges., 1997
|h CD-ROMs
|w (DE-627)230491685
|w (DE-600)1386316-2
|w (DE-576)059981725
|k Electronic
|
| 776 |
0 |
8 |
|i Erscheint auch als
|n Online-Ausgabe
|t Neue Kriminalpolitik
|d Baden-Baden : Nomos, 1989
|h Online-Ressource
|w (DE-627)684967049
|w (DE-600)2649421-8
|w (DE-576)358412420
|x 2942-1624
|k Electronic
|
| 935 |
|
|
|a BWLB
|
| 936 |
r |
v |
|a PH 1000
|b Zeitschriften
|k Rechtswissenschaft
|k Strafrecht, Strafverfahrensrecht, Kriminologie
|k Allgemeines und Geschichte
|k Allgemeines
|k Zeitschriften
|0 (DE-627)1275295320
|0 (DE-625)rvk/135977:
|0 (DE-576)205295320
|
| 936 |
b |
k |
|a 86.41
|j Kriminologie
|0 (DE-627)181572001
|
| 936 |
b |
k |
|a 86.00
|
| 936 |
s |
n |
|a p100
|2 mzub
|
| 936 |
s |
n |
|a m100
|2 mzub
|
| 951 |
|
|
|a JT
|
| ELC |
|
|
|b 1
|
| LOK |
|
|
|0 000 xxxxxcx a22 zn 4500
|
| LOK |
|
|
|0 001 2844344984
|
| LOK |
|
|
|0 003 DE-627
|
| LOK |
|
|
|0 004 130763322
|
| LOK |
|
|
|0 005 20161215155654
|
| LOK |
|
|
|0 008 150512||||||||||||||||ger|||||||
|
| LOK |
|
|
|0 040
|a DE-21-110
|c DE-627
|d DE-21-110
|
| LOK |
|
|
|0 852
|8 1
|
| LOK |
|
|
|0 852
|a DE-21-110
|
| LOK |
|
|
|0 852 1
|c Z 115
|m p
|9 00
|
| LOK |
|
|
|0 85901
|8 1.1
|i 1989
|
| LOK |
|
|
|0 86630
|a 1989 -
|
| LOK |
|
|
|0 938
|k p
|
| LOK |
|
|
|0 939
|a 12-05-15
|b l01
|
| LOK |
|
|
|0 000 xxxxxcx a22 zn 4500
|
| LOK |
|
|
|0 001 2538640148
|
| LOK |
|
|
|0 003 DE-627
|
| LOK |
|
|
|0 004 130763322
|
| LOK |
|
|
|0 005 20120307093241
|
| LOK |
|
|
|0 008 070723||||||||||||||||ger|||||||
|
| LOK |
|
|
|0 040
|a DE-21-24
|c DE-627
|d DE-21-24
|
| LOK |
|
|
|0 852
|a DE-21-24
|
| LOK |
|
|
|0 852 1
|c J,Ia,34
|m p
|9 00
|
| LOK |
|
|
|0 852 2
|b S I
|9 00
|
| LOK |
|
|
|0 866
|a ++S I: 19.2007 - 23.2011[Abbestellt]
|
| LOK |
|
|
|0 866
|x alle Bände neues System
|
| LOK |
|
|
|0 866 0
|z nur: S I
|
| LOK |
|
|
|0 936ln
|a J,Ia,
|
| LOK |
|
|
|0 938
|k p
|
| LOK |
|
|
|0 939
|a 23-07-07
|b l01
|
| LOK |
|
|
|0 000 xxxxxcy a22 3n 4500
|
| LOK |
|
|
|0 001 2539871011
|
| LOK |
|
|
|0 003 DE-627
|
| LOK |
|
|
|0 004 130763322
|
| LOK |
|
|
|0 005 20211201122819
|
| LOK |
|
|
|0 008 070806||||||||||||||||ger|||||||
|
| LOK |
|
|
|0 035
|a (DE-600)129200514
|
| LOK |
|
|
|0 040
|a DE-21-24
|c DE-627
|d DE-21-24
|
| LOK |
|
|
|0 092
|o n
|
| LOK |
|
|
|0 852
|8 1
|
| LOK |
|
|
|0 852
|a DE-21-24
|
| LOK |
|
|
|0 852 1
|c J,Ia,34
|9 00
|
| LOK |
|
|
|0 8564
|u https://uni-tuebingen.de/jura-zeitschriftenstandorte
|z Übersicht der Standorte
|
| LOK |
|
|
|0 85900
|8 1.1
|a 19
|i 2007
|
| LOK |
|
|
|0 85910
|8 1.2
|a 23
|i 2011
|
| LOK |
|
|
|0 86630
|a 19.2007 - 23.2011
|
| LOK |
|
|
|0 866 0
|z Standort: S I
|
| LOK |
|
|
|0 939
|a 06-08-07
|b z01
|
| LOK |
|
|
|0 000 xxxxxcy a22 3n 4500
|
| LOK |
|
|
|0 001 2158436204
|
| LOK |
|
|
|0 003 DE-627
|
| LOK |
|
|
|0 004 130763322
|
| LOK |
|
|
|0 005 20050507000000
|
| LOK |
|
|
|0 008 940430||||||||||||||||ger|||||||
|
| LOK |
|
|
|0 035
|a (DE-600)042069106
|
| LOK |
|
|
|0 040
|a DE-Frei85
|c DE-627
|d DE-Frei85
|
| LOK |
|
|
|0 852
|8 1
|
| LOK |
|
|
|0 852
|a DE-Frei85
|
| LOK |
|
|
|0 852 1
|9 00
|
| LOK |
|
|
|0 85901
|8 1.1
|a 1
|i 1989
|
| LOK |
|
|
|0 86630
|a 1.1989 -
|
| LOK |
|
|
|0 939
|a 30-04-94
|b z01
|
| ORI |
|
|
|a WA-MARC-krimdokb001.raw
|
| SPR |
|
|
|a 1
|t KRI
|